| 000 | 00986nam a2200301 c 4500 | ||
|---|---|---|---|
| 003 | BLK | ||
| 005 | 20180724120612.0 | ||
| 008 | 180409b bul|||||r ||||||| ||bul|| | ||
| 010 | _aKNG00100171000 | ||
| 020 |
_a0-582-44809-3 _bиздат.: Pearson Education |
||
| 040 | _aBLK | ||
| 041 |
_aENG _cENG |
||
| 080 |
_aАнглийски език - учебни предмети _b373.3.016:811.111 _x _z373.3.016:811.111 |
||
| 100 | 1 |
_aCretegny, Georgina _eпърви автор _97750 |
|
| 139 |
_aCretegny, Georgina _bC 88 |
||
| 245 | 1 | 0 |
_aFamilies _cGeorgina Cretegny. |
| 260 |
_аHarlow _bPearson Education _c2001 |
||
| 300 |
_a16 c. _bс ил. _c25 cm _e1 аудиокасета |
||
| 380 | _a3 | ||
| 490 | 1 | _aPenguin Young Readres | |
| 490 | 1 |
_3Подсерия _aLevel 1 |
|
| 650 | 4 |
_aАнглийски език - за деца - текстове _9253990 |
|
| 852 | _aЦб 210754 | ||
| 856 | 4 |
_qpdf _u |
|
| 856 | 4 |
_qpdf _u |
|
| 942 |
_cKNG _n0 _01 |
||
| 944 |
_aCR _c01.01.2001 _kAB_DOS |
||
| 944 |
_aED _c15.01.2003 _k |
||
| 999 |
_c95316 _d95316 |
||